000
00278nam a2200109Ia 4500
008
190914s9999||||xx |||||||||||||| ||und||
100
_a
Vanessa Jackman
245
0
_a
Cambridge Practice Tests for IELTS 1
260
_a
New Delhi
_b
Bantam Books
_c
2004
300
_a
630
942
_c
BK
999
_c
9099
_d
9099